000 01040cam a22003135i 4500
001 006932686
003 EG-ScBUE
005 20230103094023.0
008 030507t1988 cauc f 000 0 eng d
020 _a0929261038
020 _a9780929261034
040 _aStDuBDS
_beng
_erda
_dUk
_dEG-ScBUE
_dEG-ScBUE
_cEG-ScBUE
082 0 4 _a741.24
_bFRA
_222
100 1 _aFranks, Gene,
_eauthor.
_938688
245 1 0 _aPencil drawing /
_cby Gene Franks.
264 1 _aIrvine, CA :
_bWalter Foster Publishing,
_c[1988]
264 4 _cc1988
300 _a64 pages :
_bportraits ;
_c25 cm.
336 _2rdacontent
_atext
_btxt
337 _2rdamedia
_aunmediated
_bn
338 _2rdacarrier
_avolume
_bnc
490 0 _aArtist's library series
_vAL03
500 _aLearn how to develop drawings from start to finish with techniques for shading, contrast, texture and detail.
650 7 _aPencil drawing
_xTechnique.
_2BUEsh
651 _2BUEsh
653 _bCOMAME
_cJune2015
_cNovember2015
655 _vReading book
942 _2ddc
_k741.24 FRA
_cBB
999 _c19674
_d19646